1773 1815 1494 1527 1297 1757 1801 1843 1511 1411 1549 1742 1823 1669 1352 1690 1320 1960 1029 1585 1008 1461 1012 1512 1995 1798 1123 1457 1086 1735 1735 1564 1930 1868 1008 1287 1795 1826 1051 1331 1259 1590 1667 1330 1172 1192 1489 1962 1278 1379 1282 1303 1415 1884 1465 1512 1342 1107 1149 1763 1502 1229 1711 1410 1020 1275 1457 1379 1708 1338 1476 1898 1952 1828 1442 1423 1545 1935 1842 1244 1135 1164 1098 1464 1806 1979 1652 1100 1881 1705 1518 1266 1779 1318 1547 1483 1082 1274 1190 BCNSPRNW ULIB Ver.6.0+V

เปลี่ยนเป็นภาษาไทย

Change to English
 แสดงรายละเอียดบรรณานุกรม
  กลับหน้าหลัก

Brief Record : Get Marc (ISO 2709) : E-mail record : QR code < ปิดหน้าต่าง
LEADER : 00000nam 2200000uu 4500
001    13399111596
003     ULIB
008    110627s||||||||th 000 0 tha d
020    9786115200122
090    นว.^bด933ม 2552
100 0  เดือนเต็มดวง
245 00 มนต์ซ่อนรัก/^cเดือนเต็มดวง
250    พิมพ์ครั้งที่ 1
260    กรุงเทพฯ :^b1168Publishing,^c2552
300    287 หน้า
945    ^p189^l0^i026132
995    ทศพร
999 ^a ใช้งานได้ทุกระบบ
รายการนี้ยังไม่มีแท็ก
คุณยังไม่ได้ล็อกอิน คุณสามารถมีกิจกรรมร่วมกับเว็บไซต์ได้ แต่ต้องล็อกอินก่อน ::
  ล็อกอิน

รายการสื่อสารสนเทศ

ลำดับที่ ประเภท เลขเรียก/บาร์โค้ด สถานที่ สถานะ
- ไม่พบข้อมูล -

BibComment


ยังไม่เคยถูกคอมเมนท์

คอมเมนท์ทรัพยากรรายการนี้
  คอมเมนท์: มนต์ซ่อนรัก เดือน..


 Copyright 2026. Bcnsprnw @Library